Trouvez les pays - C - Statistiques

Statistiques générales
  • Ce quiz a été pris 194 fois
    16 depuis la dernière actualisation
  • Le résultat moyen est 13 sur 16
Statistiques - réponses
Par images Réponse % Correct
Corée du Sud
100%
Canada
91%
Chine
91%
Cambodge
82%
Chili
82%
Colombie
82%
Comores
82%
Corée du Nord
82%
Costa Rica
82%
Côte d'Ivoire
82%
Croatie
82%
Cuba
82%
Cameroun
73%
Chypre
73%
Congo
73%
Cap-Vert
64%
Aucun quiz correspondant
Distribution des résultats
% des personnes avec chaque résultat
Percentile par nombre de réponses
Votre historique - résultats
Vous n’avez pas pris ce quiz depuis la dernière actualisation